[Event "Penang op-B 7th"]
[Site "Penang"]
[Date "2015.12.11"]
[Round "8"]
[White "Wong, Zhu Hock"]
[Black "Noel, Nicolas"]
[Result "1-0"]
[WhiteElo "1437"]
[BlackElo "1671"]
[PlyCount "59"]
[EventDate "2015.12.07"]
[EventType "swiss"]
[EventRounds "9"]
[EventCountry "MAS"]
[SourceTitle "CBM 170 Extra"]
[Source "ChessBase"]
[SourceDate "2016.02.25"]
[SourceVersion "1"]
[SourceVersionDate "2016.02.25"]
[SourceQuality "1"]

1. e4 g6 2. Bc4 Bg7 3. Nf3 d6 4. h3 Nf6 5. d3 0-0 6. 0-0 c5 7. Nc3 Nc6 8. a3 Bd7 9. Rb1 a6 10. Bd2 b5 11. Bd5 Nxd5 12. Nxd5 e6 13. Nc3 b4 14. Ne2 a5 15. axb4 axb4 16. c3 Qb6 17. Qc1 Ra2 18. Ng3 Qa6 19. c4 Ne5 20. Nxe5 Bxe5 21. Bf4 Bd4 22. Be3 Bg7 23. Bh6 Qa4 24. Bxg7 Kxg7 25. Qd1 Rd8 26. Qd2 Qb3 27. Qg5 f6 28. Nh5+ Kf7 29. Qxf6+ Ke8 30. Ng7# 1-0